Lecture Notes On Pediatric Hematology / (Record no. 3620)
[ view plain ]
| 000 -LEADER | |
|---|---|
| fixed length control field | 00651nac a22001811u 4500 |
| 020 ## - INTERNATIONAL STANDARD BOOK NUMBER | |
| International Standard Book Number | 977154424 |
| 082 ## - DEWEY DECIMAL CLASSIFICATION NUMBER | |
| Classification number | 618.9215 |
| Item number | Ar31 |
| 090 ## - LOCALLY ASSIGNED LC-TYPE CALL NUMBER (OCLC); LOCAL CALL NUMBER (OCLC) | |
| -- | 3620 |
| -- | 3620 |
| 100 ## - MAIN ENTRY--PERSONAL NAME | |
| Personal name | Aref, Khairy M. |
| 245 ## - TITLE STATEMENT | |
| Title | Lecture Notes On Pediatric Hematology / |
| Statement of responsibility, etc | By M.Khairy Aref. |
| 260 ## - PUBLICATION, DISTRIBUTION, ETC. (IMPRINT) | |
| Place of publication, distribution, etc | Alexandria, Egypt: |
| Name of publisher, distributor, etc | Mo`asaset Shabaab Al Gamea, |
| Date of publication, distribution, etc | C.1988. |
| 300 ## - PHYSICAL DESCRIPTION | |
| Extent | 146p; |
| Dimensions | 20cm. |
| 500 ## - GENERAL NOTE | |
| General note | Donations. |
| 500 ## - GENERAL NOTE | |
| General note | Donations - Bibliotheca Alexandrina. |
| 650 ## - SUBJECT ADDED ENTRY--TOPICAL TERM | |
| Topical term or geographic name as entry element | Pediatric hematology. |
| 942 ## - ADDED ENTRY ELEMENTS (KOHA) | |
| Item type | Book - Borrowing |
| Call number prefix | 618.9215Ar31 |
| Withdrawn status | Item status | Source of classification or shelving scheme | Damaged status | Not for loan | Home library | Current library | Shelving location | Date acquired | Source of acquisition | Total Checkouts | Full call number | Barcode | Date last seen | Koha item type |
|---|---|---|---|---|---|---|---|---|---|---|---|---|---|---|
| Dewey Decimal Classification | Central Library | Central Library | First floor | 02/05/2007 | Purchase | 618.9215 ARE | 000030347 | 15/07/2025 | Book - Borrowing |